00827cam a2200217 a 450000100100000000500170001000800410002702000150006804000250008308200240010810000430013224500430017525000120021826000370023030000210026765000280028865000310031695201210034795201260046899900150059400000867320200929161400.0921007s1994 sp 000 1 spa d a8432245674 aDO-SdBNPbspacBNPHU a863.64bM971b, 19941 aMuñoz Molina, Antonio,d1956-91503510aBeatus Ille /cAntonio Muñoz Molina. a8va ed. aBarcelona :bSeix Barral,c1994. a281 p. ;c20 cm. 4aNovela española91123 4aLiteratura española9632 001050718MOaGRbGRcHDd2009-09-17iLF1l0o863.64 M971b, 1994p8673-10r2020-06-25w2020-06-25y1ZNo se presta 001150718MOaGRbGRcMId2017-05-22iLF1l0o863.64 M971b, 1994p8673-20r2020-06-25te.2w2020-06-25y1ZNo se presta c8443d8443